000 00444nam a2200181Ia 4500
001 18364
005 20260306171625.0
008 260306s9999||||xx |||||||||||||| ||und||
041 _aESP
082 _a658.4034
_bM26
100 _aMartínez Salazar, Iris Abril
_eAUT
245 0 _aInvestigación de operaciones
260 _c2014
300 _axii, 225 páginas :
_c27 cm.
650 _aGEN
654 _aCAN
942 _cLIB
_dJUS
_fJUS
_2ddc
_n
999 _c18364
_d18364